1298 1652 1715 1408 1085 1072 1365 1222 1802 1595 1274 1204 1911 1283 1732 1318 1633 1990 1778 1036 1681 1776 1516 1798 1728 1101 1888 1234 1789 1331 1345 1551 1620 1325 1938 1260 1470 1664 1033 1303 1854 1763 1709 1539 1514 1018 1520 1836 1110 1537 1523 1666 1834 1979 1791 1627 1685 1385 1387 1893 1795 1759 1481 1455 1756 1639 1790 1271 1634 1490 1530 1069 1507 1610 1378 1795 1414 1488 1147 1487 1935 1181 1431 1348 1701 1490 1955 1447 1012 1356 1560 1564 1704 1869 1995 1754 1481 1654 1387 BCNSPRNW ULIB Ver.6.0+V

เปลี่ยนเป็นภาษาไทย

Change to English
 แสดงรายละเอียดบรรณานุกรม
  กลับหน้าหลัก

Brief Record : Get Marc (ISO 2709) : E-mail record : QR code < ปิดหน้าต่าง
LEADER : 00000nam 2200000uu 4500
001    13399108423
003     ULIB
008    110303s2005||||th 000 0 eng d
020    0781744490
060  4 WY106^bA432C 2005
100 0  Judith Ann Allender
245 00 Community health nursing:Promoting and Protecting the Public Health/^cJudith Ann Allender
250    6 edition
260    Philadelphia:^bLippincott,^c2005
300    945
650  7 Community health nursing
650  7 Health Promotion
700 0  Barbara Walton Spradley
945    ^p1880^l0^i016822
995    ทศพร
999 ^a ใช้งานได้ทุกระบบ
รายการนี้ยังไม่มีแท็ก
คุณยังไม่ได้ล็อกอิน คุณสามารถมีกิจกรรมร่วมกับเว็บไซต์ได้ แต่ต้องล็อกอินก่อน ::
  ล็อกอิน

รายการสื่อสารสนเทศ

ลำดับที่ ประเภท เลขเรียก/บาร์โค้ด สถานที่ สถานะ
- ไม่พบข้อมูล -

รายการใกล้เคียง
    ผู้แต่ง [Judith Ann Allender]

    หัวเรื่อง [Community health nursing]
    หัวเรื่อง [Health Promotion]

BibComment


ยังไม่เคยถูกคอมเมนท์

คอมเมนท์ทรัพยากรรายการนี้
  คอมเมนท์: Community health ..


 Copyright 2026. Bcnsprnw @Library